[Event "SR 2. liga A 2003/2004"]
[Site "?"]
[Date "2003.12.07"]
[Round "4.7"]
[White "Kasanicky, Robert"]
[Black "Gabris, Ondrej"]
[Result "1-0"]
[WhiteElo "1986"]
[BlackElo "2044"]
[PlyCount "77"]
[EventDate "2003.??.??"]

1. e4 d5 2. exd5 Nf6 3. c4 c6 4. Nc3 cxd5 5. d4 Nc6 6. Bg5 dxc4 7. d5 Ne5 8.
Qd4 Nd3+ 9. Bxd3 cxd3 10. Qxd3 Qa5 11. Nf3 Bg4 12. O-O Rd8 13. Bxf6 gxf6 14.
Rfe1 Bg7 15. Qe4 Kf8 16. Qxg4 f5 17. Qxf5 Bxc3 18. bxc3 Qxd5 19. Qxd5 Rxd5 20.
Rad1 Rc5 21. Rd8+ Kg7 22. Rxh8 Kxh8 23. Rxe7 Rxc3 24. h3 Rc1+ 25. Kh2 Rc2 26.
Rxb7 Rxa2 27. Kg3 f6 28. Nd4 a5 29. Nf5 h5 30. Rf7 Rb2 31. Rxf6 a4 32. Ra6 Rb3+
33. Kh4 Rb2 34. Kxh5 Rxf2 35. g4 Rb2 36. Ra8+ Kh7 37. g5 Rb6 38. g6+ Rxg6 39.
Ra7+ 1-0

[Event "SR 2. liga A 2003/2004"]
[Site "?"]
[Date "2003.12.07"]
[Round "4.7"]
[White "Raczko, Peter"]
[Black "Kubik, Peter"]
[Result "1-0"]
[WhiteElo "2090"]
[BlackElo "1784"]
[PlyCount "91"]
[EventDate "2003.??.??"]

1. e4 c6 2. d4 d5 3. exd5 cxd5 4. c4 Nf6 5. Nc3 Nc6 6. Nf3 Bg4 7. Be3 e6 8. c5
Qa5 9. Be2 Ne4 10. Qb3 Qb4 11. Qxb4 Nxb4 12. Bb5+ Ke7 13. Rc1 Bxf3 14. gxf3
Nxc3 15. bxc3 a6 16. Be2 Nc6 17. Rb1 Nd8 18. Kd2 f6 19. Rb6 e5 20. dxe5 fxe5
21. Rd6 b5 22. Rxd5 Ke6 23. Rd3 Nb7 24. f4 Bxc5 25. Bg4+ Kf6 26. fxe5+ Kxe5 27.
f4+ Kf6 28. Kc2 Bxe3 29. Rxe3 Rhe8 30. Rhe1 Rxe3 31. Rxe3 Rd8 32. Re6+ Kf7 33.
Rxa6 Nd6 34. Rb6 Ke7 35. Be2 Rf8 36. Bxb5 Rxf4 37. Bd3 Rf2+ 38. Kb3 Rxh2 39. a4
g5 40. a5 g4 41. a6 g3 42. a7 g2 43. a8=Q g1=Q 44. Qa7+ Kf8 45. Rb8+ Ne8 46.
Qxg1 1-0

[Event "SR 2. liga A 2003/2004"]
[Site "?"]
[Date "2003.12.07"]
[Round "4.7"]
[White "Skapikova, Lubica"]
[Black "Syrovy, Ivan"]
[Result "0-1"]
[WhiteElo "2036"]
[BlackElo "2073"]
[PlyCount "70"]
[EventDate "2003.??.??"]

1. e4 c6 2. d4 d5 3. e5 Bf5 4. Nc3 Qb6 5. Nf3 e6 6. h3 Na6 7. a3 Ne7 8. Bd3
Bxd3 9. Qxd3 c5 10. dxc5 Nxc5 11. Qb5+ Nc6 12. Qxb6 axb6 13. O-O Be7 14. Bf4
O-O 15. Rad1 Na4 16. Nxa4 Rxa4 17. Bg3 b5 18. Rd3 b4 19. axb4 Rxb4 20. b3 Ra8
21. Nd2 Rd4 22. Rc1 Ra2 23. Rxd4 Nxd4 24. Kf1 Ba3 25. Rd1 Bb4 26. c3 Bxc3 27.
Nb1 Nb5 28. Rc1 d4 29. f4 Ra1 30. Be1 Na3 31. Bxc3 dxc3 32. Rd1 Rxb1 33. Ke2
Rxd1 34. Kxd1 c2+ 35. Kc1 Kf8 0-1

[Event "SR 2. liga A 2003/2004"]
[Site "?"]
[Date "2003.12.07"]
[Round "4.7"]
[White "Syc, Marian"]
[Black "Prielozny, Marek"]
[Result "0-1"]
[WhiteElo "1900"]
[BlackElo "1924"]
[PlyCount "98"]
[EventDate "2003.??.??"]

1. c4 c5 2. Nc3 g6 3. g3 Bg7 4. Bg2 Nc6 5. a3 d6 6. e3 e5 7. Nge2 Nge7 8. Qa4
Bd7 9. Nb5 Qb8 10. Qc2 O-O 11. O-O a6 12. Nbc3 b5 13. cxb5 axb5 14. Ne4 f5 15.
N4c3 Be6 16. Qb1 Ra6 17. b3 Na5 18. Qd3 Nxb3 19. Nd5 Nxa1 20. Nxe7+ Kf7 21. Nc6
Qb6 22. Qxd6 Bf6 23. Bb2 e4 24. Bxf6 Re8 25. Bxa1 Qxc6 26. Qe5 Re7 27. f3 Bc4
28. Qg7+ Ke8 29. Qh8+ Kd7 30. Kf2 Rxa3 31. fxe4 fxe4 32. Bh3+ Be6 33. Bxe6+
Qxe6 34. Nf4 Rf7 35. Kg2 Qa2 36. Qb2 Qxb2 37. Bxb2 Ra2 38. Rb1 Kc6 39. Ne6 Rd7
40. Bc1 Kd5 41. Nf4+ Kc4 42. Kf1 b4 43. Ke1 Rc2 44. Kd1 b3 45. Rb2 g5 46. Ne6
Rdxd2+ 47. Bxd2 Rxb2 48. Nxg5 Kd3 49. Bc1 Rxh2 0-1

[Event "SR 2. liga A 2003/2004"]
[Site "?"]
[Date "2003.12.07"]
[Round "4.8"]
[White "Antala, Jan"]
[Black "Fidericky, Milan"]
[Result "0-1"]
[WhiteElo "1918"]
[BlackElo "2016"]
[PlyCount "82"]
[EventDate "2003.??.??"]

1. e4 e5 2. Nf3 Nf6 3. Nc3 Nc6 4. d4 exd4 5. Nd5 Nxd5 6. exd5 Bb4+ 7. Bd2 Bxd2+
8. Qxd2 Ne7 9. Qxd4 O-O 10. O-O-O d6 11. Bd3 Bf5 12. Rhe1 Bg6 $11 13. g4 c5 14.
dxc6 Nxc6 15. Qa4 Qf6 16. Re3 Bxd3 17. Rexd3 Rfd8 18. g5 Qf5 19. Qh4 d5 20. Nd4
Nxd4 21. Rxd4 Rac8 22. c3 Qe6 23. Qf4 Qa6 24. Ra4 Qb6 25. Qd2 a6 26. f4 Qc7 27.
Rd4 b5 28. Kb1 a5 29. a3 g6 30. Qd3 Qc6 31. f5 gxf5 32. Qxf5 Rd7 33. Rxd5 Rxd5
34. Qxd5 Qg6+ 35. Ka2 b4 36. cxb4 axb4 37. Qb7 Qe6+ 38. Qd5 Qa6 39. Kb1 bxa3
40. Qa2 Qg6+ 41. Ka1 axb2+ 0-1

[Event "SR 2. liga A 2003/2004"]
[Site "?"]
[Date "2003.12.07"]
[Round "4.8"]
[White "Cambel, Vladimir"]
[Black "Jozefovic, Milan"]
[Result "1-0"]
[WhiteElo "1800"]
[BlackElo "1744"]
[PlyCount "47"]
[EventDate "2003.??.??"]

1. c4 e5 2. Nc3 Nf6 3. Nf3 d6 4. g3 Nc6 5. Bg2 Be7 6. d4 exd4 7. Nxd4 Nxd4 8.
Qxd4 O-O 9. O-O a6 10. b3 Qd7 11. Bb2 Rd8 12. Nd5 Ne8 13. Rad1 Bf6 14. Nxf6+
Nxf6 15. Qh4 Qe7 16. Rd3 Rb8 17. Re3 Be6 18. f4 Qd7 19. f5 Bxf5 20. Ref3 Be4
21. Rxf6 Bxg2 22. Kxg2 gxf6 23. Qxf6 Kf8 24. Qg7+ 1-0

[Event "SR 2. liga A 2003/2004"]
[Site "?"]
[Date "2003.12.07"]
[Round "4.8"]
[White "Kopcok, M."]
[Black "Hertel, Ondrej"]
[Result "1/2-1/2"]
[WhiteElo "1968"]
[BlackElo "1853"]
[PlyCount "75"]
[EventDate "2003.??.??"]

1. e4 c6 2. d4 d5 3. Nc3 dxe4 4. Nxe4 Nd7 5. Nf3 Ngf6 6. Ng3 e6 7. Bd3 Bd6 8.
O-O b6 9. Re1 O-O 10. Ne5 Bb7 11. Nxd7 Qxd7 12. Ne4 Nxe4 13. Bxe4 Rfd8 14. g3
c5 15. Bxb7 Qxb7 16. dxc5 Bxc5 17. Qe2 Rd7 18. Bf4 Rad8 19. Rad1 Rd5 20. c4
R5d7 21. Bg5 Be7 22. Bxe7 Rxd1 23. Rxd1 Qxe7 24. Rxd8+ Qxd8 25. Qf3 g6 26. Qb7
Qd1+ 27. Kg2 Qc2 28. Qb8+ Kg7 29. Qe5+ Kg8 30. Qb8+ Kg7 31. Qe5+ Kg8 32. Qd4
Qa4 33. a3 h5 34. Qc3 Kf8 35. b4 Ke7 36. Qd3 Qc6+ 37. f3 Qd6 38. Qe3 1/2-1/2

[Event "SR 2. liga A 2003/2004"]
[Site "?"]
[Date "2003.12.07"]
[Round "4.8"]
[White "Krchnak, Rudolf"]
[Black "Diviak, Rastislav"]
[Result "0-1"]
[WhiteElo "1809"]
[BlackElo "1954"]
[PlyCount "92"]
[EventDate "2003.??.??"]

1. d4 g6 2. Nc3 Bg7 3. e4 d6 4. f4 Nf6 5. Nf3 O-O 6. Be3 b6 7. Qd2 Ba6 8. Bxa6
Nxa6 9. h3 c5 10. O-O cxd4 11. Bxd4 Rc8 12. a3 Nc5 13. Rfe1 Qc7 14. Rac1 Rfd8
15. Qe2 Ne6 16. Be3 Qb7 17. Bd2 Nh5 18. f5 Nd4 19. Qe3 Nxf3+ 20. Qxf3 Bd4+ 21.
Kh1 Rf8 22. g4 Ng7 23. Nd1 Qc6 24. c3 Be5 25. Bf4 Bxf4 26. Qxf4 Qb5 27. Rc2 d5
28. Rd2 Rc4 29. Qe5 Rxe4 30. Rxe4 Qf1+ 31. Kh2 dxe4 32. Qxe4 gxf5 33. gxf5 Qxf5
34. Qxf5 Nxf5 35. Rd7 a6 36. Nf2 Kg7 37. Nd3 Kf6 38. Nb4 Ke6 39. Rb7 Ke5 40.
Rxb6 Rd8 41. Nxa6 Rd2+ 42. Kg1 Kf4 43. Nc5 Kf3 44. Nb3 Rd1+ 45. Kh2 Ng3 46.
Nd4+ Kf2 0-1

[Event "SR 2. liga A 2003/2004"]
[Site "?"]
[Date "2003.12.07"]
[Round "4.8"]
[White "Milanov, Jasen"]
[Black "Stetina, Erik"]
[Result "0-1"]
[WhiteElo "2046"]
[BlackElo "1749"]
[PlyCount "134"]
[EventDate "2003.??.??"]

1. c4 e6 2. Nc3 Nf6 3. e4 d5 4. e5 d4 5. exf6 dxc3 6. bxc3 Qxf6 7. Nf3 Bd7 8.
d4 Nc6 9. Bd3 h6 10. O-O Be7 11. Re1 O-O 12. Qc2 Bd6 13. Rb1 Rab8 14. c5 Bf4
15. Bxf4 Qxf4 16. Re4 Qf6 17. Rbe1 Rfe8 18. a3 Ne7 19. Ne5 Bc6 20. Rg4 h5 21.
Bh7+ Kf8 22. Rg3 Nf5 23. Bxf5 exf5 24. Rf3 g6 25. Qd2 Kg7 26. Rf4 Rbd8 27. Qc1
Qg5 28. g3 Qf6 29. h4 Qe6 30. Re3 Qd5 31. Rff3 Rxe5 32. dxe5 Qd1+ 33. Qxd1
Rxd1+ 34. Kg2 Ra1 35. c4 Rc1 36. e6 fxe6 37. Rxe6 Bxf3+ 38. Kxf3 Kf7 39. Re5
Rxc4 40. Kg2 c6 41. Kf3 Kf6 42. Re8 Rxc5 43. Rf8+ Kg7 44. Rb8 Rb5 45. Kf4 a5
46. Kg5 a4 47. Rc8 f4+ 48. Kxf4 Rf5+ 49. Ke3 Rf7 50. f3 Kf6 51. g4 hxg4 52.
fxg4 Rh7 53. Kf4 Rxh4 54. Rc7 Rh3 55. g5+ Ke6 56. Rxb7 Rh4+ 57. Kg3 Rc4 58. Rg7
Kf5 59. Kf2 Kxg5 60. Ke2 Rc3 61. Rc7 Rxa3 62. Rxc6 Kh5 63. Rc8 g5 64. Rh8+ Kg4
65. Rh1 Kf4 66. Rf1+ Ke4 67. Rg1 Ra2+ 0-1

[Event "SR 2. liga A 2003/2004"]
[Site "?"]
[Date "2003.12.07"]
[Round "4.8"]
[White "Pericka, Tomas"]
[Black "Faltan, Peter"]
[Result "0-1"]
[WhiteElo "1745"]
[BlackElo "2133"]
[PlyCount "60"]
[EventDate "2003.??.??"]

1. e4 e5 2. f4 exf4 3. Nf3 g5 4. Bc4 d6 5. h4 Bg4 6. hxg5 Be7 7. d4 Bxg5 8. Nc3
c6 9. g3 b5 10. Bb3 b4 11. Na4 Qe7 12. Qe2 f5 13. gxf4 fxe4 14. fxg5 Bxf3 15.
Qh2 Bxh1 16. Qxh1 d5 17. Bd2 e3 18. Qh5+ Kd8 19. Bc1 h6 20. Ke2 Qxg5 21. Qxg5+
hxg5 22. Bxe3 g4 23. Rf1 Nd7 24. Bg5+ Kc7 25. Rf7 Re8+ 26. Kd2 Nh6 27. Rg7 Nf5
28. Bf4+ Kc8 29. Rxg4 Nxd4 30. Bd6 Nf3+ 0-1

[Event "SR 2. liga A 2003/2004"]
[Site "?"]
[Date "2004.01.10"]
[Round "5.1"]
[White "Bisco, Igor"]
[Black "Jablonicky, Frantisek"]
[Result "1/2-1/2"]
[WhiteElo "2187"]
[BlackElo "2215"]
[PlyCount "48"]
[EventDate "2003.??.??"]

1. e4 c6 2. d4 d5 3. Nc3 dxe4 4. Nxe4 Nf6 5. Ng5 h6 6. N5f3 Bf5 7. Bd3 e6 8.
Ne2 Bd6 9. O-O Bxd3 10. Qxd3 Qc7 11. c4 b6 12. Nc3 O-O 13. Ne4 Nbd7 14. Re1
Rad8 15. Nxf6+ Nxf6 16. Qc3 Bf4 17. a4 Bxc1 18. Raxc1 c5 19. Rcd1 a5 20. h3 Rd6
21. dxc5 Rxd1 22. Rxd1 bxc5 23. Qe3 Rb8 24. b3 Nd7 1/2-1/2

[Event "SR 2. liga A 2003/2004"]
[Site "?"]
[Date "2004.01.10"]
[Round "5.1"]
[White "Kleman, Miroslav"]
[Black "Tepper, Frantisek"]
[Result "1/2-1/2"]
[WhiteElo "2147"]
[BlackElo "2232"]
[PlyCount "66"]
[EventDate "2003.??.??"]

1. d4 Nf6 2. Nf3 c5 3. c3 e6 4. Bf4 Qb6 5. Qb3 Nc6 6. e3 Be7 7. Nbd2 d5 8. Be2
c4 9. Qc2 O-O 10. O-O Qd8 11. b3 cxb3 12. axb3 Nh5 13. Bg3 Nxg3 14. hxg3 Bf6
15. c4 Qb6 16. Ra4 Bd7 17. c5 Qc7 18. b4 a6 19. Rfa1 Na7 20. Ra5 Bb5 21. Nb1
Nc6 22. R5a3 Nxb4 23. Qd2 Bxe2 24. Qxe2 b6 25. cxb6 Qxb6 26. Nc3 Rab8 27. Qb2
Qd6 28. Qd2 Rfc8 29. Ne1 Be7 30. Na4 Qd7 31. Nc3 g6 32. Nf3 Bf6 33. Rc1 Qd8
1/2-1/2

[Event "SR 2. liga A 2003/2004"]
[Site "?"]
[Date "2004.01.10"]
[Round "5.1"]
[White "Kundrik, Peter"]
[Black "Likavsky, Tomas"]
[Result "0-1"]
[WhiteElo "2163"]
[BlackElo "2470"]
[PlyCount "66"]
[EventDate "2003.??.??"]

1. e4 c5 2. Nc3 Nc6 3. g3 g6 4. Bg2 Bg7 5. d3 Rb8 6. Be3 d6 7. Qd2 b5 8. Nge2
b4 9. Nd1 Nd4 10. O-O a5 11. Nf4 Nf6 12. c3 Ng4 13. Nd5 Nxe3 14. N1xe3 Nb5 15.
Rac1 O-O 16. Nc4 Bb7 17. Nce3 e6 18. Nf4 Qb6 19. Nc4 Qa6 20. Ne3 bxc3 21. bxc3
Bc6 22. h4 Rb7 23. Bh3 Rfb8 24. h5 Nc7 25. hxg6 hxg6 26. Ng4 c4 27. Ng2 cxd3
28. Nh6+ Bxh6 29. Qxh6 Qb5 30. Nf4 Qe5 31. f3 d2 32. Rcd1 Rb2 33. Ne2 Qh8 0-1

[Event "SR 2. liga A 2003/2004"]
[Site "?"]
[Date "2004.01.10"]
[Round "5.1"]
[White "Oprea, Erik"]
[Black "Smolen, Jan"]
[Result "1/2-1/2"]
[WhiteElo "2083"]
[BlackElo "2308"]
[PlyCount "99"]
[EventDate "2003.??.??"]

1. c4 e5 2. Nc3 Nf6 3. g3 Bb4 4. a3 Bxc3 5. dxc3 O-O 6. Bg2 d6 7. e4 Be6 8. b3
Nbd7 9. Be3 a6 10. a4 b5 11. cxb5 axb5 12. a5 Nc5 13. Bxc5 dxc5 14. Qc2 b4 15.
Nf3 Qe7 16. O-O c4 17. Nd2 cxb3 18. Nxb3 c5 19. cxb4 cxb4 20. Qb2 Nd7 21. Rfc1
Rfc8 22. Bf1 Rxc1 23. Rxc1 Bxb3 24. Qxb3 Rxa5 25. Rc8+ Nf8 26. Rb8 g6 27. Qxb4
Qxb4 28. Rxb4 Ra7 29. Bc4 Kg7 30. Bd5 g5 31. Rb7 Rxb7 32. Bxb7 Kf6 33. f3 Ke7
34. Kf2 Kd6 35. Ke3 Ng6 36. Bc8 Kc5 37. Bf5 Kc4 38. Bd7 Kc3 39. Be8 f6 40. Bf7
Ne7 41. Be6 Nc6 42. Bg8 h6 43. Bf7 Na5 44. Bd5 Nc4+ 45. Bxc4 Kxc4 46. g4 Kc3
47. h3 Kc4 48. Ke2 Kb5 49. Kd3 Kb4 50. Kd2 1/2-1/2

[Event "SR 2. liga A 2003/2004"]
[Site "?"]
[Date "2004.01.10"]
[Round "5.1"]
[White "Provaznik, Michal"]
[Black "Lanc, Alois"]
[Result "0-1"]
[WhiteElo "2241"]
[BlackElo "2380"]
[PlyCount "54"]
[EventDate "2003.??.??"]

1. Nf3 d5 2. d4 c6 3. Nbd2 Bf5 4. e3 e6 5. Be2 Nd7 6. O-O Bd6 7. b3 h6 8. Bb2
Qc7 9. c4 g5 10. c5 Bf8 11. b4 Bg7 12. Ne1 Ne7 13. Nd3 Ng6 14. f3 Ne7 15. e4
Bg6 16. Qb3 O-O 17. Rad1 b6 18. Qc3 a5 19. a3 axb4 20. axb4 bxc5 21. bxc5 Ra4
22. e5 Nf5 23. Nb4 Nxd4 24. Qxd4 Bxe5 25. Qg4 Bxb2 26. Nxd5 Qa7 27. Ne7+ Kg7
0-1

[Event "SR 2. liga A 2003/2004"]
[Site "?"]
[Date "2004.01.10"]
[Round "5.1"]
[White "Rohacek, Miroslav"]
[Black "Duriga, Stefan"]
[Result "1-0"]
[WhiteElo "2178"]
[BlackElo "2246"]
[PlyCount "78"]
[EventDate "2003.??.??"]

1. Nf3 d5 2. c4 c6 3. b3 Nf6 4. Bb2 Bf5 5. g3 e6 6. Bg2 h6 7. O-O a5 8. d3 a4
9. Nbd2 Bh7 10. Rc1 Be7 11. a3 axb3 12. Qxb3 b6 13. cxd5 cxd5 14. Qb5+ Nbd7 15.
Nd4 Ra5 16. Qc6 O-O 17. N2b3 Ra8 18. a4 Nc5 19. Qb5 Nxa4 20. Nc6 Qd7 21. Nxe7+
Qxe7 22. Be5 Nd7 23. Rc7 Rfd8 24. Ra1 Qe8 25. Bxg7 Nf6 26. Rc6 Kxg7 27. Rxa4
Rxa4 28. Qxa4 Rc8 29. Nd4 e5 30. Qc2 Ra8 31. Nb3 Ra2 32. Qxa2 Qxc6 33. Qb2 Qb5
34. Qc3 d4 35. Qc4 Qxc4 36. dxc4 Bc2 37. Nd2 Kf8 38. Nf3 Nd7 39. Bh3 Ke7 1-0

[Event "SR 2. liga A 2003/2004"]
[Site "?"]
[Date "2004.01.10"]
[Round "5.2"]
[White "Banas, Jan"]
[Black "Horak, Ivan"]
[Result "1/2-1/2"]
[WhiteElo "2367"]
[BlackElo "2198"]
[PlyCount "96"]
[EventDate "2003.??.??"]

1. Nf3 d5 2. d4 Nf6 3. c4 e6 4. g3 Nbd7 5. Bg2 c6 6. Qc2 Ne4 7. O-O Be7 8. Nbd2
Nxd2 9. Bxd2 O-O 10. e4 Nf6 11. e5 Ne8 12. Be3 f5 13. exf6 Bxf6 14. Ne5 Nd6 15.
Rad1 Bxe5 16. dxe5 Nxc4 17. Bc5 Nxe5 18. Bxf8 Qxf8 19. f4 Nc4 20. Qf2 g6 21.
Rfe1 Bd7 22. Bh3 Qf6 23. b3 Nd6 24. Qc5 Nb5 25. a4 b6 26. Bxe6+ Qxe6 27. Qc1
Qd6 28. axb5 c5 29. Re5 Be6 30. Qe3 Bf7 31. Qd3 Rd8 32. h4 Rd7 33. Rde1 Kg7 34.
Kh2 Qf6 35. b4 Rc7 36. Rc1 c4 37. Qd4 Rc8 38. Rc3 Rd8 39. Rce3 Rd7 40. Kg2 Rd6
41. g4 Kg8 42. g5 Qd8 43. Kg3 Rd7 44. Rf3 Re7 45. Rxe7 Qxe7 46. Re3 Qxb4 47.
Qf6 Qc5 48. Re7 Qg1+ 1/2-1/2

[Event "SR 2. liga A 2003/2004"]
[Site "?"]
[Date "2004.01.10"]
[Round "5.2"]
[White "Bezuch, Martin"]
[Black "Hudec, Jan"]
[Result "1-0"]
[WhiteElo "2140"]
[BlackElo "2130"]
[PlyCount "79"]
[EventDate "2003.??.??"]

1. e4 c5 2. Nf3 e6 3. d4 cxd4 4. Nxd4 a6 5. Bd3 Nf6 6. Qe2 Nc6 7. Nb3 Qc7 8.
Nc3 Bd6 9. h3 O-O 10. O-O Bf4 11. Bxf4 Qxf4 12. g3 Qc7 13. f4 d6 14. Rae1 e5
15. f5 Re8 16. g4 h6 17. h4 Nd4 18. Qd1 Nxb3 19. axb3 d5 20. g5 Nxe4 21. Bxe4
dxe4 22. Nxe4 hxg5 23. hxg5 Qb6+ 24. Kh1 Qc6 25. Qh5 g6 26. fxg6 fxg6 27. Qh6
Bf5 28. Qh4 Re7 29. Kg1 Rh7 30. Nf6+ Qxf6 31. Qxh7+ Kxh7 32. gxf6 e4 33. Rd1
Rf8 34. Rd6 Kh6 35. Kf2 Rc8 36. Ke2 Kh7 37. c3 Kg8 38. Rh1 Rb8 39. Rb6 g5 40.
Rh5 1-0

[Event "SR 2. liga A 2003/2004"]
[Site "?"]
[Date "2004.01.10"]
[Round "5.2"]
[White "Fabry, Robert"]
[Black "Janos, Martin"]
[Result "0-1"]
[WhiteElo "2182"]
[BlackElo "2148"]
[PlyCount "52"]
[EventDate "2003.??.??"]

1. e4 Nc6 2. Bc4 Nf6 3. Nc3 e6 4. Nf3 d5 5. exd5 exd5 6. Bb5 Bd6 7. d4 O-O 8.
Bg5 Re8+ 9. Be2 Be7 10. Bf4 Ne4 11. Nb5 Bb4+ 12. c3 Ba5 13. Rc1 Ne7 14. O-O Ng6
15. Be3 c6 16. Na3 Bc7 17. c4 a6 18. cxd5 cxd5 19. Qc2 Bd6 20. Nb1 Bf5 21. Qb3
Nf4 22. Bd1 Qd7 23. Nc3 Nxg2 24. Nxd5 Bh3 25. Bg5 Qf5 26. Nc7 Ne1 {time} 0-1

[Event "SR 2. liga A 2003/2004"]
[Site "?"]
[Date "2004.01.10"]
[Round "5.2"]
[White "Felcir, Jaroslav"]
[Black "Cvicela, Anton"]
[Result "1/2-1/2"]
[WhiteElo "2215"]
[BlackElo "2170"]
[PlyCount "29"]
[EventDate "2003.??.??"]

1. e4 c5 2. Nf3 Nc6 3. Nc3 g6 4. d4 cxd4 5. Nxd4 Bg7 6. Be3 Nf6 7. Bc4 O-O 8.
Bb3 a5 9. f3 d5 10. Nxd5 Nxd5 11. exd5 Nb4 12. c4 a4 13. Bc2 e6 14. O-O exd5
15. c5 1/2-1/2

[Event "SR 2. liga A 2003/2004"]
[Site "?"]
[Date "2004.01.10"]
[Round "5.2"]
[White "Meszaros, Michal"]
[Black "Matulik, Daniel"]
[Result "1-0"]
[WhiteElo "2317"]
[BlackElo "2166"]
[PlyCount "53"]
[EventDate "2003.??.??"]

1. e4 c6 2. d4 d5 3. e5 Bf5 4. Nc3 e6 5. g4 Bg6 6. Nge2 Ne7 7. f4 h5 8. f5 exf5
9. g5 Na6 10. Nf4 Nc7 11. Bg2 Ne6 12. h4 Qa5 13. O-O O-O-O 14. Nce2 Qc7 15. Be3
Kb8 16. a4 Ka8 17. a5 Qd7 18. b3 Bh7 19. c4 dxc4 20. bxc4 Ng6 21. a6 Nexf4 22.
axb7+ Qxb7 23. Nxf4 Nxf4 24. Rxf4 Bb4 25. Qa4 Rc8 26. d5 a5 27. dxc6 1-0

[Event "SR 2. liga A 2003/2004"]
[Site "?"]
[Date "2004.01.10"]
[Round "5.2"]
[White "Petreje, Juraj"]
[Black "Machalova, Maria"]
[Result "0-1"]
[WhiteElo "2189"]
[BlackElo "2187"]
[PlyCount "88"]
[EventDate "2003.??.??"]

1. d4 Nf6 2. Nf3 e6 3. g3 b6 4. Bg2 Bb7 5. O-O Be7 6. c4 O-O 7. Nc3 Ne4 8. Qc2
Nxc3 9. Qxc3 d6 10. b3 Nd7 11. Bb2 Qe8 12. Rad1 f5 13. b4 Bf6 14. Qb3 a5 15. a3
a4 16. Qa2 Kh8 17. Bc3 Be4 18. Qb2 Qh5 19. Nd2 Bxg2 20. Kxg2 f4 21. f3 d5 22.
b5 Bg5 23. Rh1 Be7 24. Bb4 Bxb4 25. Qxb4 Qg5 26. Nf1 Nf6 27. c5 e5 28. cxb6
cxb6 29. h4 Qf5 30. Rh3 Ng4 31. dxe5 Nf2 32. g4 Nxg4 33. fxg4 Qxg4+ 34. Ng3 f3+
35. Kh2 Qxb4 36. axb4 fxe2 37. Re1 a3 38. Kg2 a2 39. Rhh1 Rf1 40. Nxf1 a1=Q 41.
Ng3 Qxe5 42. Rxe2 Qf6 43. Rhe1 h6 44. Kh3 Ra3 0-1

[Event "SR 2. liga A 2003/2004"]
[Site "?"]
[Date "2004.01.10"]
[Round "5.3"]
[White "Harasta, Vladimir"]
[Black "Kovacocy, Pavel"]
[Result "0-1"]
[WhiteElo "2192"]
[BlackElo "2263"]
[PlyCount "58"]
[EventDate "2003.??.??"]

1. c4 Nf6 2. Nc3 g6 3. e4 d6 4. d4 Bg7 5. Nf3 O-O 6. Be2 e5 7. O-O Nc6 8. d5
Ne7 9. b4 Nh5 10. Re1 Nf4 11. Bf1 a5 12. bxa5 Rxa5 13. Nd2 b6 14. Nb3 Ra8 15.
a4 Kh8 16. a5 bxa5 17. Nxa5 Bd7 18. Be3 f5 19. f3 fxe4 20. fxe4 Ng8 21. c5 Nh6
22. Nb7 Rxa1 23. Qxa1 Qh4 24. g3 Nh3+ 25. Kh1 Qh5 26. Qa2 Ng4 27. Bxh3 Qxh3 28.
Bg1 Rf2 29. Re2 Qg2# 0-1

[Event "SR 2. liga A 2003/2004"]
[Site "?"]
[Date "2004.01.10"]
[Round "5.3"]
[White "Janos, Jozef"]
[Black "Eged, Igor"]
[Result "1-0"]
[WhiteElo "2206"]
[BlackElo "2113"]
[PlyCount "85"]
[EventDate "2003.??.??"]

1. d4 d5 2. Nf3 Nf6 3. c4 e6 4. Nc3 dxc4 5. e3 a6 6. a4 c5 7. Bxc4 Nc6 8. O-O
cxd4 9. exd4 Be7 10. h3 O-O 11. Be3 Qa5 12. Qc2 Rd8 13. Rfd1 Nb4 14. Qb3 Nbd5
15. Bd2 Qc7 16. Rac1 Qd6 17. a5 b5 18. Bxd5 exd5 19. Na2 Ne4 20. Bb4 Qf6 21.
Bxe7 Qxe7 22. Nb4 Rd6 23. Rc6 Bb7 24. Rxd6 Qxd6 25. Rc1 h6 26. Nd3 Rc8 27.
Rxc8+ Bxc8 28. Qc2 Bf5 29. g4 Be6 30. b4 h5 31. Nh2 f6 32. Nc5 Qc7 33. Qe2 Qc6
34. Qe3 hxg4 35. hxg4 Bc8 36. f3 Ng5 37. Kg2 Qc7 38. Nf1 Qc6 39. Ng3 g6 40. Qe7
Nf7 41. Ne2 Kg7 42. Nf4 Qd6 43. Nfe6+ 1-0

[Event "SR 2. liga A 2003/2004"]
[Site "?"]
[Date "2004.01.10"]
[Round "5.3"]
[White "Machalova, Veronika"]
[Black "Hartl, Jan"]
[Result "0-1"]
[WhiteElo "2156"]
[BlackElo "2165"]
[PlyCount "94"]
[EventDate "2003.??.??"]

1. e4 d6 2. d4 Nf6 3. Nc3 g6 4. f3 Bg7 5. Be3 O-O 6. Qd2 e5 7. d5 c6 8. dxc6
bxc6 9. O-O-O Ne8 10. g4 Be6 11. h4 Nd7 12. h5 f6 13. hxg6 hxg6 14. Nge2 Qa5
15. Bh6 Rf7 16. Ng3 Rb8 17. Bxg7 Rxg7 18. g5 Bxa2 19. Nxa2 Qxa2 20. Qc3 Qa1+
21. Kd2 Qxb2 22. Qxb2 Rxb2 23. Bc4+ d5 24. Bb3 Nc5 25. Kc3 Rxb3+ 26. cxb3 d4+
27. Kc4 Ne6 28. gxf6 Nd6+ 29. Kd3 Rb7 30. Kc2 Kf7 31. Rh7+ Kxf6 32. Rxb7 Nxb7
33. b4 a5 34. bxa5 Nxa5 35. Ra1 Nc4 36. Ra8 Ne3+ 37. Kd2 c5 38. Ne2 c4 39. Rc8
Ke7 40. f4 Nxf4 41. Nxf4 exf4 42. Rc7+ Ke6 43. Rc8 g5 44. Rd8 d3 45. Ke1 g4 46.
Rf8 c3 47. Rd8 d2+ 0-1

[Event "SR 2. liga A 2003/2004"]
[Site "?"]
[Date "2004.01.10"]
[Round "5.3"]
[White "Skreno, Vladimir"]
[Black "Minich, Peter"]
[Result "1/2-1/2"]
[WhiteElo "2146"]
[BlackElo "2210"]
[PlyCount "107"]
[EventDate "2003.??.??"]

1. d4 f5 2. e4 fxe4 3. Nc3 Nf6 4. Bg5 g6 5. f3 d5 6. Bxf6 exf6 7. fxe4 dxe4 8.
Nxe4 Be6 9. Nf3 Nd7 10. Bd3 Bh6 11. Qe2 Qe7 12. O-O O-O-O 13. Rfe1 Rhe8 14.
Rad1 Bf7 15. Qf2 Qf8 16. c4 f5 17. Nc3 Rxe1+ 18. Rxe1 Re8 19. a3 Rxe1+ 20. Qxe1
Qe8 21. Qxe8+ Bxe8 22. b3 Nf6 23. Kf2 Bc1 24. a4 Ng4+ 25. Ke2 a5 26. h3 Nf6 27.
Kf2 Nh5 28. Ne2 Bh6 29. Ne5 Nf4 30. Nxf4 Bxf4 31. Nf3 Kd7 32. g3 Bc1 33. h4 Ke7
34. Ng5 h6 35. Nh3 Kf6 36. Nf4 Bf7 37. Nd5+ Bxd5 38. cxd5 b6 39. Kf3 g5 40.
hxg5+ Kxg5 41. Bb5 Bb2 42. Bd7 Bxd4 43. g4 f4 44. Bb5 Be3 45. Be2 $11 h5 46.
gxh5 Kxh5 47. Ke4+ Kh4 48. Kf3 Bd2 49. Bd1 Kg5 50. Ke4 Kf6 51. Be2 Be3 52. Bg4
Ke7 53. Ke5 Kf7 54. Bf3 {dalej su oba partiare necitatelne} 1/2-1/2

[Event "SR 2. liga A 2003/2004"]
[Site "?"]
[Date "2004.01.10"]
[Round "5.3"]
[White "Stepanovic, Branislav"]
[Black "Seitler, Andrej"]
[Result "0-1"]
[WhiteElo "2090"]
[BlackElo "2156"]
[PlyCount "52"]
[EventDate "2003.??.??"]

1. e4 c6 2. d4 d5 3. Nc3 dxe4 4. Nxe4 Nf6 5. Nxf6+ gxf6 6. Bc4 Bf5 7. Ne2 e6 8.
Bf4 Bd6 9. Qd2 Bxf4 10. Nxf4 Nd7 11. Bb3 Qc7 12. f3 O-O-O 13. g4 Bg6 14. O-O-O
Nc5 15. Bc4 Na4 16. Bb3 Nb6 17. Qe3 Nd5 18. Nxd5 cxd5 19. f4 Be4 20. Rhg1 Rd6
21. g5 f5 22. Rg3 b5 23. c3 b4 24. Kd2 bxc3+ 25. Qxc3 Rc6 26. Rc1 Qxf4+ 0-1

[Event "SR 2. liga A 2003/2004"]
[Site "?"]
[Date "2004.01.10"]
[Round "5.3"]
[White "Zamecnik, Frantisek"]
[Black "Kralovic, Andrej"]
[Result "0-1"]
[WhiteElo "2128"]
[BlackElo "2051"]
[PlyCount "74"]
[EventDate "2003.??.??"]

1. d4 Nf6 2. c4 g6 3. Nc3 Bg7 4. g3 O-O 5. Bg2 d6 6. Nf3 Nc6 7. O-O Nd7 8. e4
h6 9. Be3 e5 10. Qd2 Kh7 11. Rae1 Nb6 12. b3 Bg4 13. d5 Ne7 14. c5 Nbc8 15. b4
Bd7 16. Rc1 f5 17. Ne1 Ng8 18. Nd3 Nf6 19. h3 fxe4 20. Nb2 Ne7 21. Kh2 Bf5 22.
Nc4 Rf7 23. Rfd1 Nc8 24. Qe2 a6 25. Na5 $11 Rb8 26. g4 Bd7 27. Nxe4 Nxe4 28.
Bxe4 Be8 29. Qc2 Re7 30. g5 h5 31. Qe2 Kg8 32. Qc2 Bf7 33. Bxg6 Qe8 34. Bxf7+
Qxf7 35. Qe4 Re8 36. Nc4 b5 37. cxb6 cxb6 0-1